Comida Cruda - ¡Muerte Súbita! - Estadísticas

Estadísticas generales
  • Esta prueba ha sido intentada 103 veces
  • La puntuación promedio es 3 de 12
Answers on the Grid
Answers color-coded by a green-red scale on the quiz's grid according to % correct below.
Filete tártaro
Poke
Carpaccio
Sashimi
Stroganina
Tiradito
Pico de gallo
Guacamole
Mett
Ensalada shirazi
Mézclum
Yukhoe
Ema datshi
Gelato
Rasam
Laksa
Cacahuates japoneses
Ensalada Cobb
Hummus
Ensalada mimosa
Fabada
 
Estadísticas de respuestas
Respuesta % Correcto
Carpaccio
57%
Sashimi
56%
Guacamole
54%
Poke
44%
Pico de gallo
40%
Filete tártaro
26%
Ensalada shirazi
13%
Mézclum
13%
Tiradito
6%
Mett
3%
Yukhoe
3%
Stroganina
1%
No se encontraron pruebas coincidentes
Distribución de puntuación
Porcentaje de gente con cada puntuación
Porcentaje por número respondido
Historial de tus puntuaciones
No has intentado esta prueba.